Szczegóły MARC21

Arcydzieła francuskiego średniowiecza /

003 -Nazwa inst., której nr kontr. jest w polu 001 [,]
    • @
    • Nazwa instytucji, której n kontrolny jest w polu 001
    • NUKAT
005 -DATA I CZAS OSTATNIEJ MODYFIKACJI [,]
    • @
    • pole kontrolne
    • 20250710205603.0
040 -Instytucja sporządzająca opis [ , ]
    • a
    • Instytucja, która sporządziła opis (NP)
    • TOR U/elc
    • c
    • Instytucja, która sporządziła rekord (NP)
    • TOR U/AKr
    • d
    • Instytucja, która zmodyfikowała rekord (P)
    • TOR U/LF
    • d
    • Instytucja, która zmodyfikowała rekord (P)
    • WR O/ZWs
    • d
    • Instytucja, która zmodyfikowała rekord (P)
    • TOR U/IMs
041 -Język dokumentu [1, ]
    • a
    • Język tekstu (P)
    • polski
    • h
    • Język tekstu oryginalnego i/lub pośredniego (P)
    • francuski
942 -Rodzaj dokumentu [ , ]
    • c
    • Rodzaj dokumentu
    • Książka
245 -Strefa tytułu i oznaczenia odpowiedzialności [0,0]
    • a
    • Tytuł
    • Arcydzieła francuskiego średniowiecza / Find
    • c
    • Pozostałe elementy strefy tytułu i oznaczenia odpowiedzialności (NP)
    • [przeł. Tadeusz Żeleński (Boy), Anna Tatarkiewicz ; wybór Macieja Żurowskiego ; wstępy i przyp. Zygmunta Czernego].
260 -Strefa adresu wydawniczego [ , ]
    • a
    • Miejsce wydania (P)
    • Warszawa :
    • b
    • Nazwa wydawcy (P)
    • Państwowy Instytut Wydawniczy,
    • c
    • Data wydania (P)
    • 1968.
300 -Strefa opisu fizycznego [ , ]
    • a
    • Określenie formy książki i/lub objętość (NP)
    • 781, [3] s. ;
    • c
    • Format (NP)
    • 17 cm.
336 -Typ zawartości [ , ]
    • a
    • Termin opisujący typ zawartości
    • Tekst
    • b
    • Kod określający zawartość
    • txt
    • 2
    • Źródło (terminu i kodu)
    • rdacontent
337 -Typ mediów [ , ]
    • a
    • Tryb odtwarzania
    • Bez urządzenia pośredniczącego
    • b
    • Kod typu mediów
    • n
    • 2
    • Źródło (terminu i kodu)
    • rdamedia
338 -Typ/rodzaj nośnika [ , ]
    • a
    • Hasło opisujące typ nośnika
    • Wolumin
    • b
    • Kod typu nośnika
    • nc
    • 2
    • Źródło (terminu i kodu)
    • rdacarrier
490 -Strefa serii i książki wielotomowej - forma nie do wyszukiwania [1, ]
    • a
    • Tytuł (P)
    • Biblioteka Poezji i Prozy Find
830 -Hasło dodatkowe serii i opisu książki wielotomowej - tytuł ujednolicony/tytuł [ ,0]
    • a
    • Tytuł ujednolicony/tytuł (NP)
    • Biblioteka Poezji i Prozy
    • 9
    • KHW
    • 19311
505 -Uwaga dot. zawartości książki [0, ]
    • a
    • Uwaga dot. zawartości książki
    • Pieśń o Rolandzie. Opowieści / Marie de France. Dzieje Tristana i Izoldy / Joseph Bédier. Percewal z Walii czyli Opowieść o Gralu / Chrétien de Troyes. Wielki testament / François Villon.
655 -Hasło w funkcji tematu formalnego [ ,7]
    • a
    • Hasło
    • Literatura francuska
    • y
    • Określnik chronologiczny
    • przed 1500
    • v
    • Określnik formy
    • antologie.
    • 2
    • Źródło terminu
    • kaba
    • 9
    • KHW
    • 496371
655 -Hasło w funkcji tematu formalnego [ ,7]
    • a
    • Hasło
    • Literatura francuska
    • y
    • Określnik chronologiczny
    • przed 1500
    • v
    • Określnik formy
    • tłumaczenia polskie.
    • 2
    • Źródło terminu
    • kaba
    • 9
    • KHW
    • 458322
700 -Hasło dodatkowe - nazwa osobowa [1, ]
    • a
    • Nazwa osobowa (NP)
    • Żeleński, Tadeusz Find
    • d
    • Daty biograficzne (NP)
    • (1874-1941).
    • e
    • Określenie rodzaju współpracy
    • Tł.
    • 9
    • KHW
    • 13611
700 -Hasło dodatkowe - nazwa osobowa [1, ]
    • a
    • Nazwa osobowa (NP)
    • Tatarkiewicz, Anna Find
    • d
    • Daty biograficzne (NP)
    • (1921-2019).
    • e
    • Określenie rodzaju współpracy
    • Tł.
    • 9
    • KHW
    • 19189
700 -Hasło dodatkowe - nazwa osobowa [1, ]
    • a
    • Nazwa osobowa (NP)
    • Żurowski, Maciej Find
    • d
    • Daty biograficzne (NP)
    • (1915-2003).
    • e
    • Określenie rodzaju współpracy
    • Wybór
    • 9
    • KHW
    • 13613
700 -Hasło dodatkowe - nazwa osobowa [1, ]
    • a
    • Nazwa osobowa (NP)
    • Czerny, Zygmunt Find
    • d
    • Daty biograficzne (NP)
    • (1888-1974).
    • e
    • Określenie rodzaju współpracy
    • Wstęp
    • 9
    • KHW
    • 48948
700 -Hasło dodatkowe - nazwa osobowa [1,2]
    • a
    • Nazwa osobowa (NP)
    • Bédier, Joseph Find
    • d
    • Daty biograficzne (NP)
    • (1864-1938).
    • t
    • Tytuł ujednolicony/tytuł (NP)
    • Roman de Tristan et Iseut Find
    • l
    • Język tekstu (NP)
    • (pol.)
    • 9
    • KHW
    • 37360
700 -Hasło dodatkowe - nazwa osobowa [0,2]
    • a
    • Nazwa osobowa (NP)
    • Chrétien de Troyes Find
    • d
    • Daty biograficzne (NP)
    • (około 1135-około 1183).
    • t
    • Tytuł ujednolicony/tytuł (NP)
    • Perceval Find
    • l
    • Język tekstu (NP)
    • (pol.)
    • 9
    • KHW
    • 493455
700 -Hasło dodatkowe - nazwa osobowa [1,2]
    • a
    • Nazwa osobowa (NP)
    • Villon, François Find
    • d
    • Daty biograficzne (NP)
    • (1431-około 1463).
    • t
    • Tytuł ujednolicony/tytuł (NP)
    • Testament Find
    • l
    • Język tekstu (NP)
    • (pol.)
    • 9
    • KHW
    • 63417
700 -Hasło dodatkowe - nazwa osobowa [0,2]
    • a
    • Nazwa osobowa (NP)
    • Marie de France Find
    • d
    • Daty biograficzne (NP)
    • (około 1100-około 1200).
    • t
    • Tytuł ujednolicony/tytuł (NP)
    • Lais Find
    • l
    • Język tekstu (NP)
    • (pol. ;
    • k
    • Sformalizowane określenie (P)
    • wybór)
    • 9
    • KHW
    • 493329
710 -Hasło dodatkowe - nazwa ciała zbiorowego [2, ]
    • a
    • Nazwa ciała zbiorowego lub nazwa geograficzna jako pierwszy element (NP)
    • Państwowy Instytut Wydawniczy.
    • 4
    • Kod relacji
    • pbl
    • 9
    • KHW
    • 51410
730 -Hasło dodatkowe - tytuł ujednolicony [0,2]
    • a
    • Tytuł ujednolicony (NP)
    • Chanson de Roland
    • l
    • Język tekstu (NP)
    • (pol. ;
    • s
    • Wersja (NP)
    • wersja fr.)
    • 9
    • KHW
    • 63419
Data inwentaryzacji Lokalizacja Uwagi nie widoczne w OPAC Numer inwentarzowy Status udost. Sygnatura
 BG SN.341291 
2000-06-13BMdepozyt BMZ.84391POL. Antologie 06